| 000 | 00647nam a2200229Ia 4500 | ||
|---|---|---|---|
| 001 | 2214 | ||
| 005 | 20240113233532.0 | ||
| 007 | ta | ||
| 008 | 050223s1922 a g b000 u eng u | ||
| 040 | _aRef. stack | ||
| 041 | _aeng | ||
| 082 |
_a930.1905 _bLe 58 Re |
||
| 100 | _aLewisohn, F . | ||
| 245 | 0 |
_aReport of the superintendent archaelogical survey, Burma for the year 1912 - 22 / _cF. Lewisohn. _hReports |
|
| 250 | _a1st ed / | ||
| 260 |
_aRangoon : _bGovernment og Burma , _c1922. |
||
| 300 |
_a63p. : _bill ; _c32cm . |
||
| 653 | _aReport - archaelogical survey - Burma | ||
| 942 |
_2ddc _cBK |
||
| 999 |
_c2207 _d2207 |
||